| 000 | 005010000a22001690004500 | ||
|---|---|---|---|
| 090 |
_aAR _b03890 |
||
| 245 | 1 | 0 | _aInsect stability and diversity in agro-ecosystems |
| 500 | _a<Colección Recursos Genéticos> | ||
| 650 | 1 | 4 |
_aAgroecología _9230 |
| 650 | 1 | 4 |
_aEntomología _94483 |
| 650 | 1 | 4 |
_aModelos matemáticos _996459 |
| 041 | 0 | _aInglés | |
| 700 | 1 |
_aWilliams, G. F. _997717 |
|
| 100 | 1 |
_aVan Emden, H. F. _997718 |
|
| 942 | _cARTICULO | ||
| 773 | 1 |
_tAnnual Review of Entomology _q445-474 _d1974 _g19 |
|
| 999 |
_c12925 _d12925 |
||